Vývoj nákladového hodnocení apretace odlitků (VI. etapa) : projekt XVII : sborník přednášek : seminář XVI, Slévárny Třinec, a.s., Dolní Lomná 7.3.2017 /

Corporate Author: Vývoj nákladového hodnocení apretace odlitků (projekt)
Other Authors: Kafka, Václav, 1942-, Herzán, Miroslav, Lána, Ivo, Miča, Roman, Novobílský, Marcel, Špička, Ivo, Vítek, Radek, Jelínek, Pavel, Lasák, Reinhold, Marko, Ervin, Obrtlík, Josef, Tykva, Tomáš, Závrbská, Martina, Hamag (firma), Jihomoravská armaturka (firma), Motor Jikov Slévárna, Slévárna a modelárna Nové Ransko, Slévárny Třinec, Techconsult Praha (firma), Vítkovické slévárny (firma), Business Intelligence (firma), ŽĎAS (firma)
Language: Czech
Published: Brno : Česká slévárenská společnost, z.s. - člen ČSVTS Praha, 2017
Edition: Vydání: 1
Subjects:
Physical Description: 42 stran ; 30 cm + 1 CD-ROM
Book
Saved in:
LEADER 04023nam a2200829 i 4500
001 nkc20172879129
003 CZ PrNK
005 20180424084307.0
007 ta
008 170328s2017 xr f 100 0 cze
015 |a cnb002879129 
020 |a 978-80-02-02711-9  |q (Český svaz vědeckotechnických společností ;  |q brožováno) 
035 |a (OCoLC)987011930 
040 |a ABA001  |b cze  |e rda 
072 7 |a 621  |x Strojírenství  |2 Konspekt  |9 19 
080 |a 621.74  |2 MRF 
080 |a 33  |2 MRF 
080 |a 669-14-034.14  |2 MRF 
080 |a 338.58  |2 MRF 
080 |a (047.31)  |2 MRF 
110 2 |a Vývoj nákladového hodnocení apretace odlitků (projekt)  |7 kn20130411006  |4 aut 
245 1 0 |a Vývoj nákladového hodnocení apretace odlitků (VI. etapa) :  |b projekt XVII : sborník přednášek : seminář XVI, Slévárny Třinec, a.s., Dolní Lomná 7.3.2017 /  |c koordinátor: Václav Kafka ; řešitelé: Miroslav Herzán, Ivo Lána, Roman Miča, Marcel Novobílský, Ivo Špička, Radek Vítek, Pavel Jelínek, Reinhold Lasák, Ervin Marko, Josef Obrtlík, Tomáš Tykva, Martina Závrbská ; dále spolupracoval: Josef Obrtlík 
246 1 |i Název v tiráži:  |a Vývoj nákladového hodnocení apretace odlitků (VI. etapa) - sborník přednášek z XVI. ekonomického semináře 
250 |a Vydání: 1 
264 1 |a Brno :  |b Česká slévárenská společnost, z.s. - člen ČSVTS Praha,  |c 2017 
300 |a 42 stran ;  |c 30 cm +  |e 1 CD-ROM 
336 |a text  |b txt  |2 rdacontent 
337 |a bez média  |b n  |2 rdamedia 
337 |a počítač  |b c  |2 rdamedia 
338 |a svazek  |b nc  |2 rdacarrier 
338 |a počítačový disk  |b cd  |2 rdacarrier 
500 |a Pod názvem: Hamag, spol. s r.o., Zlín, Jihomoravská armaturka, spol. s r.o., Hodonín, Motor Jikov Slévárna a.s., České Budějovice, Slévárna a modelárna Nové Ransko, s.r.o., Nové Ransko, Slévárny Třinec, a.s., Třinec, Techconsult Praha s.r.o., Vítkovické slévárny, spol. s r.o., Ostrava, VŠB-TU Ostrava, Business Intelligence, s.r.o., Žďas, a.s., Ždár nad Sázavou 
500 |a Seminář k projektu 
500 |a 35 výtisků 
504 |a Obsahuje bibliografii 
650 0 7 |a slévárenství  |7 ph125708  |x ekonomické aspekty  |2 czenas 
650 0 7 |a ocelové odlitky  |7 ph123647  |2 czenas 
650 0 7 |a náklady  |7 ph115498  |2 czenas 
650 0 9 |a founding  |x economic aspects  |2 eczenas 
650 0 9 |a steel castings  |2 eczenas 
650 0 9 |a costs  |2 eczenas 
655 7 |a výzkumné zprávy  |7 fd131869  |2 czenas 
655 9 |a research reports  |2 eczenas 
700 1 |a Kafka, Václav,  |d 1942-  |7 mzk2003171556  |4 orm 
700 1 |a Herzán, Miroslav  |7 pna2008467262  |4 aut 
700 1 |a Lána, Ivo  |7 mzk2008486366  |4 aut 
700 1 |a Miča, Roman  |4 aut 
700 1 |a Novobílský, Marcel  |4 aut 
700 1 |a Špička, Ivo  |7 ola2012696205  |4 aut 
700 1 |a Vítek, Radek  |4 aut 
700 1 |a Jelínek, Pavel  |4 aut 
700 1 |a Lasák, Reinhold  |4 aut 
700 1 |a Marko, Ervin  |4 aut 
700 1 |a Obrtlík, Josef  |4 aut  |4 ctb 
700 1 |a Tykva, Tomáš  |4 aut 
700 1 |a Závrbská, Martina  |4 aut 
710 2 |a Hamag (firma)  |7 ko2017947340  |4 orm 
710 2 |a Jihomoravská armaturka (firma)  |7 kn20140410006  |4 orm 
710 2 |a Motor Jikov Slévárna  |7 ko2017947341  |4 orm 
710 2 |a Slévárna a modelárna Nové Ransko  |7 ko2016910245  |4 orm 
710 2 |a Slévárny Třinec  |7 mzk2006340971  |4 orm 
710 2 |a Techconsult Praha (firma)  |7 ko2016910249  |4 orm 
710 2 |a Vítkovické slévárny (firma)  |7 ko2016910251  |4 orm 
710 2 |a Business Intelligence (firma)  |7 ko2017947343  |4 orm 
710 2 |a ŽĎAS (firma)  |7 ko2005315697  |4 orm 
910 2 |a BOA001  |b 4-1386.535 
928 9 |a Český svaz vědeckotechnických společností 
990 |a BK 
995 |a 01 
991 |b 201703  |c NOV 
996 6 |b 2610701761  |c 4-1386.535  |l MZK  |r Sklad / do 1 hodiny  |n 2  |p p.v.  |w 001604781  |u 000010  |a 1  |e BOA001  |j MZK50  |s P 
996 7 |b 2610701762  |c 4-1386.535  |l MZK  |r Sklad / do 1 hodiny  |n 1  |p p.v.  |w 001604781  |u 000020  |a 1  |e BOA001  |j MZK50  |s A